ბათუმის შოთა რუსთაველის სახელმწიფო უნივერსიტეტის ბიბლიოთეკა

სერგი დანელია : (ბიბ.ჩანაწერი № 37932)

000 -ლიდერი
ფიქსირებული სიგრძის საკონტროლო ველი 01109nam a2200253Ia 4500
001 - საკონტროლო ნომერი
საკონტროლო ველი 3913
003 - საკონტროლო ნომრის იდენტიფიკატორი
საკონტროლო ველი GE_BSU
005 - ბოლო ოპერაციის თარიღი და დრო
საკონტროლო ველი 20190906160752.0
008 - ფიქსირებული სიგრძის მონაცემთა ელემენტები - ზოგადი ინფორმაცია
ფიქსირებული სიგრძის საკონტროლო ველი 181216s1978||||ge |||||||||||||| ||geo||
040 ## - კატალოგიზაციის წყარო
Transcribing agency GE_BSU
041 ## - ენის კოდი
Language code of text/sound track or separate title geo
080 ## - უნივერსალური ათობითი კლასიფიკაციის ინდექსი
Universal Decimal Classification number 1(092) კ–65
100 ## - მთავარი ჩანაწერი - პიროვნების სახელი
Personal name კოდუა, ედუარდ
9 (RLIN) 985
245 ## - ცნობა სათაურის შესახებ
Title სერგი დანელია :
Remainder of title ცხოვრება და ფილოსოფიური მოღვაწეობა /
Statement of responsibility, etc რედ. ნ. ბერძენიშვილი.
264 ## - წარმოების, გამოცემის, დისტრიბუციის და სხვა ცნობები
გამოცემის, წარმოების, დისტრიბუციის... ადგილი თბ. :
გამოცემის, წარმოების, დისტრიბუციის... სახელწოდება თბილ. უნ-ტის გამ-ბა,
გამოცემის, წარმოების, დისტრიბუციის... თარიღი 1978.
300 ## - ფიზიკური აღწერა
Extent 176 გვ. ;
Other physical details 28 სმ.
501 ## - შენიშვნა თანმხლებ მასალაზე
With note დანართი: გვ. 163-177.
520 ## - SUMMARY, ETC.
Summary, etc რეზ. რუს., გერმ. და ინგლ. ენ.
600 ## - SUBJECT ADDED ENTRY--PERSONAL NAME
Personal name დანელია სერგი
9 (RLIN) 753
653 ## - INDEX TERM--UNCONTROLLED
Uncontrolled term ქართველი ფილოსოფოსები
653 ## - INDEX TERM--UNCONTROLLED
Uncontrolled term ქართული ფილოსოფია
700 ## - ADDED ENTRY--PERSONAL NAME
Personal name ბერძენიშვილი, ნ.
Relator term რედაქტორი
9 (RLIN) 3913
942 ## - ADDED ENTRY ELEMENTS (KOHA)
Koha item type წიგნი
Source of classification or shelving scheme
ეგზემპლარები
ჩამოწერის სტატუსი დაკარგული ეგზემპლარის სტატუსი კლასიფიკაციის წყარო ან თაროზე გაწყობის სქემა დაზიანების სტატუსი არ გაიცემა მუდმივი მდებარეობა (დაცვის ადგილი) ამჟამინდელი ადგილსამყოფელი თაროზე განთავსების ადგილი შეძენის თარიღი ღირებულება, შესყიდვის ნორმალური ფასი სრული შენახვის შიფრი შტრიხკოდი ბოლო ოპერაციის თარიღი ეგზემპლარის მიმდევრობითი ნომერი (კეტერი?) ფასის ძალაში შესვლის თარიღი ეგზემპლარის სახეობა საჯარო შენიშვნა
          ბათუმის შოთა რუსთაველის სახელმწიფო უნივერსიტეტის მთავარი ბიბლიოთეკა ბათუმის შოთა რუსთაველის სახელმწიფო უნივერსიტეტის მთავარი ბიბლიოთეკა წიგნსაცავი 2018-12-17 1.00 1(092) კ–65 5592 2018-12-17 5592 2018-12-17 წიგნი 1 ლ.